000 01243nam a2200337Ia 4500
001 ebr10509373
003 CaPaEBR
006 m o u
007 cr cn|||||||||
008 110527s2011 enka sb 001 0 eng d
010 _z 2011022262
020 _z9781857885712
020 _z9781857889512
040 _aCaPaEBR
_cCaPaEBR
035 _a(OCoLC)769188739
050 1 4 _aHB171
_b.M319 2011eb
082 0 4 _a381
_223
100 1 _aMainelli, Michael.
245 1 4 _aThe price of fish
_h[electronic resource] /
_cMichael Mainelli & Ian Harris.
260 _aLondon ;
_aBoston :
_bNicholas Brealey Pub.,
_c2011.
300 _avii, 328 p. :
_bill.
504 _aIncludes bibliographical references and index.
533 _aElectronic reproduction.
_bPalo Alto, Calif. :
_cebrary,
_d2013.
_nAvailable via World Wide Web.
_nAccess may be limited to ebrary affiliated libraries.
650 0 _aEconomics.
650 0 _aCommerce
_xSocial aspects.
650 0 _aFishery products
_vCase studies.
655 7 _aElectronic books.
_2local
700 1 _aHarris, Ian,
_d1962-
710 2 _aebrary, Inc.
856 4 0 _uhttp://site.ebrary.com/lib/rucke/Doc?id=10509373
_zAn electronic book accessible through the World Wide Web; click to view
999 _c116311
_d116311